Пушкин (Запис номер 397630)
[ съкратено ]
| 000 -Лидер | |
|---|---|
| Контролно поле с фиксирана дължина | 01184nam a2200289 a 4500 |
| 003 - Код на организацията, давaща контролен номер | |
| Контролно поле | BLK |
| 005 - Дата и час на последна редакция | |
| Контролно поле | 20230715005252.0 |
| 008 - Елементи от данни с фиксирана дължина | |
| fixed length control field | 210209b bu |||||r|||| 00| ||bu d |
| 040 ## - Източник на каталожния запис | |
| Идентификатор на билиотеката - собственик на записа | BLK |
| 041 ## - Код за език | |
| Код за езика на текст/звукозапис или на отделно заглавие | Руски |
| Код за езика КДБФ | Руски |
| 080 ## - УДК | |
| Текстов определител УДК | Руска литература |
| УДК код - определител по УДК | 821.161.1 |
| УДК - код + определител | 821.161.1(092) |
| 080 ## - УДК | |
| Текстов определител УДК | Руски поет и писател |
| УДК код - определител по УДК | 929 Пушкин, Александър Сергеевич |
| УДК - код + определител | 929 Пушкин, Александър Сергеевич |
| 139 ## - Редно поле | |
| Редна дума | Пушкин |
| 245 ## - Сведения за заглавието | |
| Заглавие | Пушкин |
| Подзаглавни данни | Исследования и материалы ; Т. 1 - |
| Редно поле (дума) | Ред кол.: М. П. Алексеев и др. |
| Том | Т. 10. |
| 257 ## - Страна на издаване | |
| Страна на създаване/издаване | СССР |
| 260 ## - Област на издателските данни | |
| 9 (RLIN) | 210902 |
| Място на издаване, разпространение и проч. | Ленинград |
| Име на издателя, разпространителя и проч. | Наука |
| Година на издаване | 1982 |
| Издателство - префикс ISBN | 5-02- |
| 300 ## - Физическа характеристика | |
| Страници | 392 с. |
| Размери/Мащаб | 27 см |
| 380 ## - Жанр | |
| Жанр | Литературознание |
| 600 #0 - Име на лице, използвано като предмет | |
| За него / За нея | Пушкин, Александър Сергеевич |
| Свързани дати | 1799-1837 |
| 9 (RLIN) | 364559 |
| 650 #0 - Допълнително описание по предмет – тема | |
| 9 (RLIN) | 249426 |
| Основно описание – тема или топоним | Руска литература |
| 650 #0 - Допълнително описание по предмет – тема | |
| 9 (RLIN) | 245764 |
| Основно описание – тема или топоним | Писатели, руски |
| 653 #7 - Ключова дума – ненормативна | |
| 9 (RLIN) | 187418 |
| Ключова дума | изследвания |
| 760 ## - Описание на основната серия | |
| Издание | Наука, 1982 |
| Място на издаване, издател и година | Ленинград |
| Страници - том | 392 с. |
| Част - том | Т. 10. |
| 852 ## - Местоположение | |
| Форматна сигнатура | Цб ІІ 6486 |
| Фондова буква | Основен фонд - ползва се само за читалня |
| 999 ## - СИСТЕМНИ КОНТРОЛНИ НОМЕРА | |
| Koha biblionumber | 397630 |
| Koha biblioitemnumber | 397630 |
| 942 ## - АРТИКУЛИ | |
| Вид на библиотечния материал | Книги |
| Скрит в OPAC | Не |
| Периодичен библиозапис | Да |
| 944 ## - СЪЗДАВАНЕ И РЕДАКЦИЯ на ЗАПИСА | |
| Създаване/Редакция | Създаване |
| Дата на регистрацията/редакция | 2021-02-09 |
| Служител, извършил регистрацията/редакцията | |
| Статус, дата на статуса | CRON CRON |
| Код за отписване | Код за изгубен артикул | Източник на класификационната схема | Код за повреда | Коз за рестрикции | Код за отдаване | Артикулен № | Име на библиотеката - собственик | Име на библиотеката, в която се намира в момента | Статус (Текущо местоположение) | Дата на вписване в системата | Местоположение - отдел | Цена в лева | Инвентарен номер | Систематично азбучна сигнатура | Баркод | Цена в евро | Служебен тип на артикула |
|---|---|---|---|---|---|---|---|---|---|---|---|---|---|---|---|---|---|
| Не е изгубен | Universal Decimal Classification | Не е повреден | само за читалня | ползва се в читалня | 811685 | Регионална библиотека "Любен Каравелов" Русе | Регионална библиотека "Любен Каравелов" Русе | Хранилище | 2021-02-11 | Основен фонд - ползва се само за читалня | 2.24 | 388525 | Цб ІІ 6486 | 120000388525 | 1.15 | Книги |